书目信息 |
| 题名: |
道路交通标志标线设置技术手册
|
|
| 作者: | 周蔚吾 编著 | |
| 分册: | ||
| 出版信息: | 北京 知识产权出版社 2007.05 |
|
| 页数: | 377页 | |
| 开本: | 26cm | |
| 丛书名: | ||
| 单 册: | ||
| 中图分类: | U491.5-62 | |
| 科图分类: | ||
| 主题词: | 公路标志--gong lu biao zhi--技术手册 | |
| 电子资源: | ||
| ISBN: | 978-7-80198-563-7 | |
| 000 | 00905nam0 2200241 450 | |
| 001 | 012007423021 | |
| 005 | 20071106102218.51 | |
| 010 | @a978-7-80198-563-7@dCNY198.00 | |
| 100 | @a20070924d2007 km y0chiy0120 ea | |
| 101 | 0 | @achi |
| 102 | @aCN@b110000 | |
| 105 | @aa a 000yy | |
| 106 | @ar | |
| 200 | 1 | @a道路交通标志标线设置技术手册@Adao lu jiao tong biao zhi biao xian she zhi ji shu shou ce@f周蔚吾编著@Fzhou wei wu bian zhu |
| 210 | @a北京@c知识产权出版社@d2007.05 | |
| 215 | @a377页@c图@d26cm | |
| 320 | @a有书目。 | |
| 330 | @a本手册共分三个篇章,概述;第一篇:标志,主要包括交通标志总则、法规标志、警告标志、指路标志、服务信息标志、旅游标志、辅助标志、以及标志制作和安装规范和相应的字高、限速等内容。 | |
| 606 | 0 | @a公路标志@Agong lu biao zhi@j技术手册 |
| 690 | @aU491.5-62@v4 | |
| 701 | 0 | @a周蔚吾@Azhou wei wu@4编著 |
| 801 | 0 | @aCN@b@c20071106 |
| 905 | @b262922@dU491.5-62@eZ807@f1 | |
| 道路交通标志标线设置技术手册/周蔚吾编著.-北京:知识产权出版社,2007.05 |
| 377页:图;26cm |
| ISBN 978-7-80198-563-7:CNY198.00 |
| 本手册共分三个篇章,概述;第一篇:标志,主要包括交通标志总则、法规标志、警告标志、指路标志、服务信息标志、旅游标志、辅助标志、以及标志制作和安装规范和相应的字高、限速等内容。 |
| ● |
| 相关链接 |
|
|
|
正题名:道路交通标志标线设置技术手册
索取号:U491.5-62/Z807
 
预约/预借
| 序号 | 登录号 | 条形码 | 馆藏地/架位号 | 状态 | 备注 |
| 1 | 262922 | 202629227 | 自科库501/501自科库 58排5列3层/ [索取号:U491.5-62/Z807] | 在馆 |